Контроль подлинности документов, ценных бумаг и денежных знаков: учебное пособие

Dades bibliogràfiques
Autor principal: Павлов И. В. Игорь Валерьевич
Altres autors: Потапов А. И. Анатолий Иванович
Sumari:Исключено из фонда НТБ ТПУ
Idioma:rus
Publicat: Москва, Техносфера, 2006
Col·lecció:Мир экономики 7-01
Format: MixedMaterials Llibre
KOHA link:https://koha.lib.tpu.ru/cgi-bin/koha/opac-detail.pl?biblionumber=117252

MARC

LEADER 00000nam0a2200000 4500
001 117252
005 20231031123614.0
010 |a 5948360628 
035 |a (RuTPU)RU\TPU\book\126915 
090 |a 117252 
100 |a 20070531d2006 m y0rusy50 ca 
101 0 |a rus 
102 |a RU 
105 |a a gj 001zy 
200 1 |a Контроль подлинности документов, ценных бумаг и денежных знаков  |e учебное пособие  |f И. В. Павлов, А. И. Потапов 
210 |a Москва  |c Техносфера  |d 2006 
215 |a 472 с.  |c ил. 
225 1 |a Мир экономики  |v 7-01 
320 |a Библиография: с. 468-471. 
333 |a Исключено из фонда НТБ ТПУ 
686 |a У9(2)262.292  |v LBC/SL-A  |2 rubbk 
686 |a У9(2)262.6  |v LBC/SL-A  |2 rubbk 
686 |a Х628.11я73  |v LBC/SL-A  |2 rubbk 
700 1 |a Павлов  |b И. В.  |g Игорь Валерьевич 
701 1 |a Потапов  |b А. И.  |g Анатолий Иванович 
801 1 |a RU  |b 63413507  |c 20070531  |g PSBO 
801 2 |a RU  |b 63413507  |c 20211018  |g PSBO 
942 |c BK 
959 |a 46/20070529  |d 2  |e 680,00  |f ЧЗГЛ:1  |f АНЛ:1